| 000 | 004280000a22001690004500 | ||
|---|---|---|---|
| 003 | MACL | ||
| 005 | 20160105172614.0 | ||
| 008 | 160105b xxu||||| |||| 00| 0 eng d | ||
| 040 |
_aMACL _cMACL |
||
| 041 | _aEnglish | ||
| 082 | _a823/HAR | ||
| 100 |
_aHarraden, Beatrice _928342 |
||
| 245 |
_aIn Varying Moods _bShort Stories |
||
| 260 | _bWilliam Blackwood & Sons Ltd | ||
| 650 |
_aStories _928343 |
||
| 942 |
_cBK _k823/HAR _2ddc |
||
| 999 |
_c37933 _d37933 |
||